One Piece: portatori della D - Statistics

Statistiche generali
  • Questo quiz è stato fatto 70 volte
  • Il punteggio medio è 10 su 15
Statistiche sulle risposte
Risposta % Corretto
Monkey D. Luffy
100%
Gol D. Roger
94%
Marshall D. Teach
94%
Monkey D. Garp
94%
Monkey D. Dragon
90%
Portuguese D. Ace
90%
Trafalgar D. Water Law
88%
Rocks D. Xebec
63%
Portuguese D. Rouge
52%
Nefertari D. Bibi
42%
Nefertari D. Cobra
42%
Hagwor D. Sauro
40%
Nefertari D. Lily
31%
Claíomh D. Clover
23%
Trafalgar D. Water Lami
17%
Nessun quiz corrispondente trovato
Distribuzione punteggi
Percentuale di utenti per punteggio
Percentile per numero di risposta
I tuoi punteggi nel tempo
Non hai fatto questo quiz